[Event "Open Tre Circoli"]
[Site "Udine ITA"]
[Date "2012.03.10"]
[Round "7"]
[White "Roiatti, Noris"]
[Black "De Nardo, Elena"]
[WhiteElo "1769"]
[BlackElo "1520"]
[Result "1-0"]
[PlyCount "120"]
[EventDate "2012.01.21"]

1. e4 e6 2. Nc3 c5 3. Nf3 d5 4. exd5 exd5 5. Bb5+ Bd7 6. Qe2+ Qe7 7. Bxd7+ Nxd7
8. Nxd5 Qxe2+ 9. Kxe2 Bd6 10. Re1 O-O-O 11. Kf1 f6 12. d3 Ne5 13. Nxe5 Bxe5 14.
Ne3 Ne7 15. Ng4 Bd6 16. h3 Nc6 17. Ne3 Be5 18. Nc4 Bc7 19. Be3 Nd4 20. Bxd4
Rxd4 21. Re7 Rg8 22. Rae1 Rdd8 23. Ne3 Be5 24. Nf5 Rd7 25. b3 Kd8 26. Rxd7+
Kxd7 27. d4 cxd4 28. Nxd4 Kc7 29. Rd1 Kb8 30. Nf5 h5 31. Ne7 Re8 32. Ng6 Bc7
33. g4 hxg4 34. hxg4 a6 35. Rd7 Rg8 36. Ke2 Bb6 37. f3 Kc8 38. Rf7 Kb8 39. f4
Re8+ 40. Re7 Rg8 41. Kf3 Bc5 42. Re2 Rc8 43. c4 Rc7 44. f5 Rd7 45. Nf4 Bb4 46.
Nd5 a5 47. Nxb4 axb4 48. g5 Ka7 49. Kg4 b6 50. Kh5 fxg5 51. Kxg5 Rf7 52. a3
bxa3 53. Ra2 Kb7 54. Rxa3 Rf6 55. b4 Kb8 56. Ra6 Kb7 57. b5 Rd6 58. c5 Rd5 59.
Rxb6+ Kc7 60. Rc6+ Kd7 1-0

[Event "Open Tre Circoli"]
[Site "Udine ITA"]
[Date "2012.03.10"]
[Round "7"]
[White "Santacroce, Fidel"]
[Black "Marziali, Giulio"]
[WhiteElo "1574"]
[BlackElo "1502"]
[Result "0-1"]
[PlyCount "38"]
[EventDate "2012.01.21"]

1. d4 c6 2. c4 d5 3. Nc3 Nf6 4. cxd5 cxd5 5. Bg5 Bf5 6. e3 h6 7. Bxf6 gxf6 8.
Qb3 e6 9. Qxb7 Nd7 10. Bb5 Rc8 11. Qxa7 Rc7 12. Qa4 Be7 13. Nf3 O-O 14. Bxd7
Rxd7 15. O-O Kh8 16. Qd1 Rg8 17. Nh4 Bh3 18. Qh5 Qf8 19. Kh1 Bg4 0-1

[Event "Open Tre Circoli"]
[Site "Udine ITA"]
[Date "2012.03.10"]
[Round "7"]
[White "Sorgo, Roberto"]
[Black "Facchin, Francesco"]
[WhiteElo "1883"]
[BlackElo "1733"]
[Result "1-0"]
[PlyCount "71"]
[EventDate "2012.01.21"]

1. d4 Nf6 2. Nf3 b5 3. Bg5 Bb7 4. Nbd2 d6 5. Bxf6 exf6 6. e3 a6 7. Bd3 Nc6 8.
c3 Be7 9. Qc2 g6 10. a3 Qd7 11. b4 f5 12. c4 bxc4 13. Bxc4 Bf6 14. Rc1 Ne7 15.
Bb3 Rc8 16. Ba4 c6 17. Nc4 Qc7 18. Na5 O-O 19. O-O Ba8 20. Qc4 Qb6 21. Nb3 Rc7
22. Rc2 Rfc8 23. Rfc1 Nd5 24. Nfd2 Be7 25. Qd3 Qb8 26. Na5 Nxb4 27. axb4 Qxb4
28. Nxc6 Bxc6 29. Bxc6 Qb6 30. d5 Bf6 31. Nc4 Qc5 32. Ne5 Qa7 33. Nd7 Bg7 34.
Ba4 Rxc2 35. Rxc2 Rxc2 36. Qxc2 1-0

[Event "Open Tre Circoli"]
[Site "Udine ITA"]
[Date "2012.03.10"]
[Round "7"]
[White "Stefanutti, Piero"]
[Black "Canciani, Sardo"]
[WhiteElo "1501"]
[BlackElo "1430"]
[Result "0-1"]
[PlyCount "70"]
[EventDate "2012.01.21"]

1. e4 e6 2. d4 d5 3. Nc3 Nf6 4. e5 Nfd7 5. f4 c5 6. Nf3 Nc6 7. Be3 cxd4 8. Nxd4
Nxd4 9. Bxd4 Nb6 10. Bb5+ Bd7 11. Qd3 a6 12. Bxd7+ Kxd7 13. f5 Be7 14. fxe6+
fxe6 15. O-O Nc4 16. Ne2 Qc7 17. Rf7 Nxe5 18. Bxe5 Qxe5 19. Qb3 b5 20. Qa3 Qd6
21. Qd3 g6 22. Qh3 Raf8 23. Raf1 Rxf7 24. Rxf7 Qc5+ 25. Kf1 Qxc2 26. Qe3 Qc7
27. Qd4 Rf8 28. Rxf8 Bxf8 29. Qf6 Be7 30. Qg7 Qxh2 31. Kf2 Qh4+ 32. g3 Qf6+ 33.
Qxf6 Bxf6 34. b3 e5 35. Kf3 Kc6 0-1

[Event "Open Tre Circoli"]
[Site "Udine ITA"]
[Date "2012.03.10"]
[Round "7"]
[White "Zucchetto, Pierpaolo"]
[Black "Degano, Emanuele"]
[WhiteElo "1802"]
[BlackElo "1725"]
[Result "1-0"]
[PlyCount "57"]
[EventDate "2012.01.21"]

1. d4 d5 2. e3 e6 3. Bd3 c5 4. c3 Nd7 5. f4 a6 6. a4 Ngf6 7. Nd2 b6 8. Nh3 Bb7
9. Qf3 Be7 10. O-O c4 11. Bxc4 Ne4 12. Bd3 Nxd2 13. Bxd2 Nf6 14. Nf2 Nd7 15. e4
dxe4 16. Bxe4 Bxe4 17. Nxe4 O-O 18. Qe2 Nf6 19. Ng3 Qd7 20. f5 Bd6 21. Bg5 exf5
22. Nxf5 Rfe8 23. Qf3 Ne4 24. Qg4 Qe6 25. Rae1 Qg6 26. Rxe4 f6 27. Bd2 Rxe4 28.
Qxe4 Re8 29. Qd5+ 1-0